Lecture series in differential equations. V2 (Record no. 131167)

MARC details
000 -LEADER
fixed length control field 00384nam a2200145Ia 4500
008 - FIXED-LENGTH DATA ELEMENTS--GENERAL INFORMATION
fixed length control field 230917s9999||||xx |||||||||||||| ||und||
040 ## - CATALOGING SOURCE
-- 21580
Original cataloging agency VIVEKANANDA LIBRARY
041 ## - Language
-- English
082 ## - DDC NUMBER
Classification number 515.35 A37L
100 ## - MAIN ENTRY--PERSONAL NAME
Personal name Aziz, A K, ed.
245 #0 - TITLE STATEMENT
Title Lecture series in differential equations. V2
260 ## - PUBLICATION, DISTRIBUTION, ETC. (IMPRINT)
Place of publication, distribution, etc New York
Name of publisher, distributor, etc D Van Nostrand Reinhold
Date of publication, distribution, etc 1969
300 ## - PHYSICAL DESCRIPTION
Pages iv, 282 p.
942 ## - ADDED ENTRY ELEMENTS (KOHA)
Koha item type Books
Holdings
Withdrawn status Lost status Damaged status Not for loan Location (home branch) Sublocation or collection (holding branch) Date acquired Koha issues (times borrowed) Koha full call number Accession No. Koha date last seen Koha item type
        VIVEKANANDA LIBRARY VIVEKANANDA LIBRARY 08/08/2002   515.35 A37L 22988 17/09/2023 Books
© Designed and Maintained by Vivekananda Library, MDU Rohtak